| 000 | 00468nam a22001817a 4500 | ||
|---|---|---|---|
| 999 |
_c524906 _d524906 |
||
| 003 | NUST | ||
| 020 | _a9694110521 | ||
| 038 | _awaseem | ||
| 082 |
_a891.42 _bSHA |
||
| 100 |
_aShad, Hussain _915705 |
||
| 245 |
_aShar Te Sufnay / _cHussain Shad |
||
| 260 |
_aLahore : _bPakistan Punjabi Adabi Board, _c[sl]. |
||
| 300 | _a124 p. ; | ||
| 500 | _aPaperback. | ||
| 880 |
_6100-01\r _aحسین شاد |
||
| 880 |
_6245-02\r _aشہر تے سُفنے / |
||
| 942 |
_2ddc _cBK |
||